[Event "FRG Ch int"]
[Site "Munich GER"]
[Date "1979.??.??"]
[Round "Dve slabiny"]
[White "Andersson, Ulf"]
[Black "Robatsch, Karl"]
[Result "1-0"]
[WhiteElo "2560"]
[BlackElo "2435"]
[EventDate "1979.02.??"]
[PlyCount "65"]
[EventType "tourn"]
[EventRounds "13"]
[EventCountry "GER"]
[EventCategory "10"]
[Source "ChessBase"]
[SourceDate "1999.07.01"]
[BlackTeamCountry "CUB"]

1. Nf3 Nf6 2. c4 c5 3. g3 b6 4. Bg2 Bb7 5. O-O g6 6. b3 Bg7 7. Bb2 O-O 8. 
Nc3 D d5?! {Tady je lepe zvazit pokracovani: } ( 8. ... Na6 {se zamerem 
...e6 a d5 a protihrou v centru, napriklad: } 9. d4 d5 10. Ne5 e6 11. cxd5
Nxd5 12. Nxd5 Bxd5 13. dxc5 Bxg2 14. Kxg2 Nxc5 15. Qxd8 Rfxd8 16. Rfd1 Nd7
17. Rxd7 Rxd7 18. Nxd7 Bxb2 19. Rb1 Ba3 20. Rd1 Rc8 = {Andersson- MIles, 
Skara 1980  -  Tah 8...d5 vede po nekolika vymenach na d5 ke koncovce ve 
ktere bily ma mirnou ale trvalou vyhodu. } ) 9. Nxd5 Nxd5 10. Bxg7 Kxg7 
11. cxd5 Qxd5 12. d4 cxd4 13. Qxd4+ Qxd4 14. Nxd4 Bxg2 15. Kxg2 a6 {Tento 
tah zbavuje Nd4 pole b5 a uvolnuje 7 radu pro cernou vez, ale na druhe 
strane oslabuje pesce b6,} ( 15. ... Nd7 16. Rfd1 Nf6 17. Nb5 Rfc8 18. 
Rac1 Rxc1 19. Rxc1 a6 20. Nd4 Rd8 21. e3 Nd5 22. Rc6 += {1-0  
Andersson-Marovic, Banja Luka 1876} ) ( 15. ... Rc8! 16. Rac1 Na6 17. f4 (
17. a3 Nc5 18. b4 Ne4 19. Rc6 Rd8 20. Nf3 Rac8 21. Rfc1 Rxc6 22. Rxc6 Rd7 
23. Ne5 ) 17. ... Nb4 18. a3 Nd5 19. Kf3 Nc3 20. e3 = ) 16. Rac1 D {Cerny 
ma potize s vyvinem jezdce b8 aniz by povolil souperi prunikove pole na 
c-sloupci. Tento priklad ukazuje jasne ze naskok ve vyvinu muze byt 
dokonce vyhodou v koncovce.} ( 16. Rfc1 Ra7 17. Rc2 Rd8 18. e3 Kf8 ( 
18. ... e5 19. Nf3 f6 20. Rac1 +/- ) 19. Rac1 Ke8 20. g4! h6 21. h4 Rad7 
22. f4 a5 23. Kf3 Rd6 24. h5! +/- {Andersson-Hort, Niksic 1978} ) 16. ... 
Ra7 17. Rc2 ( 17. f4 Re8 18. f5 Nd7 19. Rfd1 ) 17. ... Rd8 18. e3 e5 19. 
Nf3 f6 D {Prirozeny (a jiste take dobry) tah by byl 20.Rfc1, aby obsadil 
sloupec c. Ale bily nachazi nekonvencni tah, ktery se ukaze jako velmi 
uzitecny. Jak pokracuje Bily?
} 20. g4! {Bily hrozi podminovat pesce f6 tahem g4-g5 a vytvorit si 
prostor na kralovskem kridle. Navic tah ma vyhodu ze kdykoli jeho kral 
muze se zapojit do hry na kralovskem kridle pres g3. Protiuder 20...g5 
nelze hrat, protoze vysledkem by byla rozhodujici slabina na poli f5, 
kterou by bily vyuzil manevrem Nd2-e4-g3-f5 } 20. ... Rd6 ( 20. ... Rad7! 
21. Rfc1 Kf7 ) 21. Rfc1 Nd7 22. Rc6! {Bily zabira 6 radu a svazuje cerne 
figury obranou b6 pesce. Upevnil prvni slabinu soupere. } 22. ... Rxc6 23.
 Rxc6 Kf7 D {Najdete rozhodujici preskupeni, ktere konsoliduje bileho 
jasnou pozicni vyhodu (lepsi pozici veze a kontrolu 6 rady).} 24. Nd2! {
Bily zlepsuje pozici jezdce na e4 poli, od ktereho bude preveden pres c3 
na d5, a zautocit na slabiny b6 a f6.} 24. ... Ke7 25. Ne4 Rb7 26. b4! {
Toto bere souperi pole c5 pro jezdce a stisnuje jeho damske kridlo jeste 
vice. Pozice zacina vypadat jako vedouci k zugzwangu } 26. ... Rb8 D 27. 
Nc3! {Manevr Nc3-d5 rozhoduje hru, jelikoz cerny tezko muze branit sve 
pescove slabiny. } 27. ... f5? ( 27. ... Kf7!? 28. Nd5 a5 ( 28. ... Rb7 
29. Rd6 Kg7 30. Re6 ) 29. b5 Rb7 30. h4 Rb8 31. g5 f5 32. Kf3 +/- ) 28. 
Nd5+ Kf7 29. Kg3 h5? {Ani jine tahy nepomahaji napriklad: } ( 29. ... Re8 
30. Rd6 fxg4 31. Kxg4 Rd8 32. a4 +- ) ( 29. ... fxg4 30. Kxg4 h6 31. h4 a5
32. b5 ) 30. gxf5 gxf5 31. Rd6 Rb7 32. Kh4 Kg7 33. Kxh5 {Nelze jak 
zastavit dalsi ztratu pesce po 34.Kg5} 1-0

[Event "Hoogovens"]
[Site "Wijk aan Zee NED"]
[Date "1983.01.??"]
[Round "11"]
[White "Andersson, Ulf"]
[Black "Hulak, Krunoslav"]
[Result "1-0"]
[WhiteElo "2635"]
[BlackElo "2515"]
[EventDate "1983.01.??"]
[PlyCount "99"]
[EventType "tourn"]
[EventRounds "13"]
[EventCountry "NED"]
[EventCategory "12"]
[Source "ChessBase"]
[SourceDate "1999.07.01"]
[WhiteTeamCountry "SYR"]
[BlackTeamCountry "THA"]

1. Nf3 Nf6 2. c4 c5 3. g3 g6 4. b3 {Dvojite fianketo je oblibene 
Anderssonovo zahajeni.} 4. ... Bg7 5. Bb2 Nc6 6. Bg2 O-O 7. O-O d6 8. d4 
cxd4 9. Nxd4 Bd7 10. Nc3 ( 10. Nc2 {nepredstavuje dobrou alternativu. } 
10. ... Qa5 ( 10. ... Qc8 11. Nc3 Bh3 12. Rb1 Bxg2 13. Kxg2 Rd8 14. Nd5 +=
{Dizdar-Ulibin, Voskresensk 1990} ) 11. Qd2 Qxd2 12. Nxd2 Ng4 13. Bxg7 
Kxg7 14. Rfd1 Nf6 = ) 10. ... a6 11. Rc1 Qa5 12. e3 Rfc8 13. a3 ( 13. Qe2 
Rab8 14. h3 Qg5 15. Rfd1 Kf8 16. Kh2 += {Keene-Paoli, Dortmund 1973} ) 
13. ... Rab8 14. Re1 Bg4 15. Qd2 Qh5 16. Nd5 Nxd5 17. cxd5 Nxd4 {
Zjednoduseni pozice vede k solidni pozicni vyhode pro Anderssona, ktery 
muze obsadit sloupec c vzhledem k offside pozici cerne damy.  Je 
alternativa 17...Ne5 po ktere bily take ma mirnou vyhodu. Po vymene vezi 
muze proniknout na damskem kridle damou, zvlaste na poli c7. } 18. Bxd4 
Bxd4 19. Qxd4 Bf3?! ( 19. ... Rxc1 20. Rxc1 Rc8 21. Rxc8+ ( 21. Rc4! D ) 
21. ... Bxc8 ) 20. Rc4 D {Bily dosahl sveho strategickeho cile. Neni 
zpusob jak muze byt donucen se vzdat sloupce c. } 20. ... Bxg2 ( 20. ... 
b5 21. Rc6 += ) 21. Kxg2 Qf5? ( 21. ... Rxc4 22. bxc4 Rc8 = ) 22. Rec1 Qd7
23. e4 f6?! {Cerny by mohl nasadit aktivnejsi obranu zde } ( 23. ... Rxc4 
24. Qxc4 Re8 {Idea je hrat ... e6 a sam otevrit sloupec e. Avsak zde take 
bily ma mirnou vyhodu v koncovce pro slabeho pesce d6 a ovladani sloupce 
c: } 25. a4 e6 26. dxe6 Qxe6 27. Qxe6 Rxe6 28. f3 ( 28. Rc7 Rxe4? ( 
28. ... b5 29. Ra7 Rxe4 30. Rxa6 bxa4 {s dobrymi remizovymi sancemi 
cerneho,. } ) 29. Rxb7 a5 30. Rb5 Re5 31. Rxe5 dxe5 {s vyhranou pescovou 
koncovkou: } 32. Kf3 Kf8 33. Ke4 +-- ) 28. ... Kf8 29. g4 += ) 24. Qc3 
Rxc4 25. Qxc4 Kf7 26. h3 {Bere cerne dame pole g4 a pripravuje mozny 
postup esce g4 a f4. Cerneho prvni slabina sestava z faktu, ze bily ovlada
sloupec c damou a vezi. Druha slabina ma byt vyvolana postupem pesce na 
kral. kridle. } 26. ... f5? ( 26. ... Re8 {Taktika cekat a videt je lepsi.
} ) 27. Rc3! {hrozi vez presunout na f3. } 27. ... fxe4 28. Qxe4 Rf8 {
Velky problem cerneho je v tom, ze uvolnujici tah 28...Rc8 neni mozny 
kvuli 29.Qe6+} 29. a4 Kg7 30. g4 Rf6 31. Qd4! +/- {Jednoduchy tah, ktery 
odhaluje dilema cerneho. Hrozba je g5 a Qb6 s Rc7. V tomto bodu je cely 
smysl hry proti dvema slabinam jasny: Cerny neni v pozici schopen branit 
na obou kridlech. } 31. ... g5 D {Jak bily ziska rozhodujici vyhodu? } 32.
 f4! {Bily vyuziva nestatnou pozici veze a krale k ziskani pescoveho uderu
f4-f5, po kterem se cerna pozice neda udrzet dele. } 32. ... h6 33. f5 Qd8
{34.Qb6 se muselo zabranit. } 34. Qb4 Rf7 35. Rc4 {Hrozi Qc3+  a vyhraje }
35. ... Kh7 36. Qc3 Qg8 37. Rc7 b5 38. axb5 axb5 39. Qd3 Kh8 40. Qxb5 Qa8 
41. Qc4 Qa2+ 42. Qc2 Qa6 43. b4 Kg8 44. Qe4 Qa2+ {Ani 44...e5 neprinasi 
ulevu, jelikoz bily udrzi rozhodujici vyhodu 45.Qc4.} 45. Rc2 Qb3 46. b5! 
h5 ( 46. ... Qxb5 47. Qe6 +-- ) 47. Qc4 {Bezpecna metoda privest partii ke
konci. ale po } ( 47. f6 {roznodne primy matovy utok  } 47. ... exf6 ( 
47. ... Rxf6 48. Rc8+ Kg7 49. Qxe7+ Rf7 50. Qxg5+ Kh7 51. Qg8+ Kh6 52. g5#
) 48. Qg6+ Kf8 49. Rc8+ Ke7 50. Qe4+ Kd7 51. Qe8# ) 47. ... Qb1 48. Qe4 
Qb3 49. gxh5 Kg7 50. f6+ 1-0

[Event "Reggio Emilia-A 8889 31st"]
[Site "Reggio Emilia ITA"]
[Date "1988.??.??"]
[Round "?"]
[White "Sax, Gyula"]
[Black "Andersson, Ulf"]
[Result "0-1"]
[WhiteElo "2600"]
[BlackElo "2625"]
[EventDate "1988.12.??"]
[PlyCount "101"]
[EventType "tourn"]
[EventRounds "9"]
[EventCountry "ITA"]
[EventCategory "14"]
[Source "ChessBase"]
[SourceDate "1989.08.01"]
[WhiteTeamCountry "HUN"]
[BlackTeamCountry "USA"]

1. e4 e6 2. d4 d5 3. Nc3 Nf6 4. Bg5 dxe4 5. Nxe4 Be7 6. Bxf6 gxf6 7. Nf3 
f5 {vzetí na f6 pescem g je jedna z nejostrejsich variant klasickeho Burn 
systemu ve franc. obrane. Cerny by rad vytvoril tlak proti pesci d4 podel 
h8-a1 diagonaly strelcem a hrat proti bilemu stredu vetsinou pouzitim 
pescoveho uderu ...c5. Cerny ma jako kompenzaci za spatnou pescovou 
strukturu dvojici strelcu kombinovanou s hrou pro figury. } 8. Nc3 {
Alternativa spociva } ( 8. Ng3 {po kterem cerny ziska dostatecnou 
protihru: } 8. ... c5 9. c3 a6 10. d5 exd5 11. Bd3 f4 12. Qa4+ Nc6 13. 
Qxf4 Bd6 14. Qh6 Be6 15. Nf5 Bf8 16. Qf4 Qd7 17. O-O-O {=  Sax - 
Andersson, Rome 1986} ) 8. ... Bf6 9. Qd2 c5 10. Bb5+ Bd7 11. Bxd7+ {Tady 
je take moznost } ( 11. dxc5 a6 12. Bxd7+ Nxd7 13. O-O-O ( 13. Na4 Qc7 14.
 O-O-O Nxc5 15. Nxc5 Qxc5 16. Qd7+ Kf8 17. Qd6+ Qxd6 18. Rxd6 Rg8 = {
Wedberg-Andersson, Haninge 1988} ) 13. ... Qc7 14. Qd6 Rc8 15. Nd5 Qxc5 
16. Nxf6+ Nxf6 17. Qxc5 Rxc5 = {Sokolov-Andersson, Brussels 1988} ) 
11. ... Nxd7 12. O-O-O Qa5 13. Kb1 O-O-O 14. Qh6 Rhg8 15. g3 Bg7! 16. Qf4 
( 16. Qxh7 Nf6 17. Qh3 Ng4 {s velmi dobrou protihrou. } 18. Qg2 cxd4 19. 
Ne2 Qb6 -/+ ) 16. ... cxd4 17. Nxd4 a6?? {To brani 18.Ndb5.} ( 17. ... e5 
18. Qxf5 +- ) 18. Rd2 Qe5! {Bily se musi vyhnout vymene dam, jelikoz po } 
19. Qh4 ( 19. Qxe5 Nxe5 {cerny ma pozicni vyhodu. Cerny hrozi jak Nc4 tak 
Ng4 a cerny strelec se meni v obra. } ) 19. ... Qf6 20. Qxf6 {Bily musi 
vymenit damy, jelikoz po } ( 20. Qh5 Nb6 21. Rhd1 Nc4 22. Rd3 Ne5 23. R3d2
Qh6 =+ ) 20. ... Nxf6 21. f3 {Jak muze cerny vyvolat u bileho slabinu?} 
21. ... h5! {V takovych strukturach toto je standardni manevr. Cerny chce 
obsadit sloupec h pomoci h5 a h4 a potom Rh8 a tak udela bilemu jeho prvni
slabinu. } 22. Rd3?! ( 22. Rhd1 {je lepsi, protoze po tahu v textu je 
oslabena bila pescova struktura. } ) 22. ... h4 23. Nde2 Rxd3 24. cxd3 Rh8
! {Se  zamerem } 25. Rg1 ( { 25. ... hxg3 26. Nxg3 Rh3  27. ... Bh6  
28. ... Bf4 a cerny vyviji silny tlak proti kralovskemu kridlu. Tak bily 
je nucen branit se pasivne. Navic, cerny bude pokracovat obsazovani 
sloupce h a proniknout na 2 radu, coz se stane slabinou v bile pozici. 
Izolovany pesec d a pole e3 jsou take slabiny bileho.  }) 25. ... hxg3 26.
 hxg3 Rh2 27. g4! {Po vymene na g4 je bileho idea  ze se stane aktivni 
dolu po f sloupci. Ale tah je nezbytny aby vyloucil moznost Bh6 (27-..Bh6?
28.g5 se ziskem figury) } 27. ... fxg4 28. fxg4 Kd7 29. Kc1 D {Najdete 
nejlepsi zpusob pro cerneho vyuzit aktivni pozici a lepsi pescovou 
strukturu. } 29. ... Nd5! 30. Kd1 {Bily nema mnoho obrannych moznosti, 
jelikoz 30.Kd2 vede k prohrane pozici .} ( {Cerny obsadi 2 radu a ma 
jasnou vyhodu. Tak cerny muze nyni vyuzit cernopolne slabiny v bile pozici
a vynuti cestu na pole e3. } 30. Nxd5 Rxe2 ) ( 30. Kd2 Bxc3+ 31. bxc3 Nf4 
32. Re1 Kd6 -+ ) 30. ... Ne3+ 31. Kd2 Ng2! {Hrozba je 32..Bh6+, tak bily 
je nyni nucen k 32.g5.  Toto se pozdeji stane slaby bod v bile pozici. 
Navic tah 32. g5 take oslabuje pole f5, na ktere cerny kral se usadi. Je 
to instruktivni videt ja Andersson trpelive rozsiruje vyhodu kazdy krokem.
} 32. g5 Nh4! {Hrozi vydlicku na f3 a obsazeni silneho pole f5.} 33. Rf1 
Nf5 34. Ne4 Bd4 {Prevod strelce na dulezitou diagonalu a7-g1, kde 
kontroluje pole e3 a d4. } ( 34. ... Bxb2?! 35. Rb1 ) 35. b3 Ke7 36. Rf3 
Bb6 37. Ng3 Nd4! {Po  likvidaci ktera nasleduje, bily ztraci duleziteho 
pesce g5 } 38. Rf4 Rg2 39. Re4 Nxe2 40. Nxe2 Rxg5 {Cerny vzal pesce a ma 
rozhodujici prevahu. Andersson promeni vyhodu ve vyhru bezvadnou 
technikou. } 41. Kd1 Bc5 42. Rc4 Bd6 {Cerny strelec na d6 dominuje nad 
bilym jezdcem a bere vezi pole c7 } 43. Nc3 f5 44. a4?! ( 44. Rh4 ) 
44. ... Rg1+ 45. Ke2 Rg2+ 46. Kf3 Rb2 47. Ke3 Rxb3 48. Ne2 Rb4! {Cerny 
likviduje na koncovku lehkych figur. To je nejjednodussi. A. nechce nechat
souperi zadnou protihru. } 49. Rxb4 Bxb4 50. d4 Bd6 51. Nc1 0-1

[Event "Hoogovens"]
[Site "Wijk aan Zee NED"]
[Date "1990.01.??"]
[Round "10"]
[White "Andersson, Ulf"]
[Black "Nijboer, Friso"]
[Result "1-0"]
[WhiteElo "2630"]
[BlackElo "2485"]
[EventDate "1990.01.??"]
[Annotator "Schussler"]
[EventType "tourn"]
[EventRounds "13"]
[EventCountry "NED"]
[EventCategory "13"]
[Source "ChessBase"]
[SourceDate "2004.01.01"]
[WhiteTeamCountry "YUG"]
[BlackTeamCountry "YUG"]

1. Nf3 g6 2. d4 Nf6 3. g3 Bg7 4. Bg2 O-O 5. O-O d6 6. Re1 {If You are 
looking for important novelties, don`t look at the games of Ulf Andersson.
6. Re1 can be met by 6. - d6 or 6. - c5 as in this game. The opening is 
not so interesting, bu the endgame is nicely conducted by Ulf.} 6. ... c5 
( 6. ... Nc6 7. Nc3 e5 8. dxe5 dxe5 9. h3 Qe7 10. Bg5 Rd8 11. Qc1 Qf8 12. 
e4 Be6 13. Nd2 h6 14. Bxf6 Bxf6 15. Nd5 Bxd5 16. exd5 Ne7 17. Nc4 Qg7 18. 
Ne3 Nf5 19. c3 Nd6 20. Qc2 Re8 21. c4 += {Andersson - Milov, Groningen, 
1997} ) 7. dxc5 dxc5 8. Qxd8 Rxd8 9. c3 {S 9.c3 bily uzavira diagonalu 
strelci na a1. Navic pesec kontroluje dulezite centralni pole d4 a 
pripravuje a4 s dalsim Na3-c4. Nevyhody tahu 6...c5 se ukazuji jasne: 
cerne damske kridlo a bila pole podel diagonaly h1-a8 byly oslabeny. 
9.Ne5?! je mene presvedcive: } ( 9. Ne5 Na6 10. c3 Nd5 11. Nc4 Be6 12. 
Nba3 Rd7 13. Rb1 Rad8 =+ {Andersson- Quinteros, Mar del Plata 1981 } ) 
9. ... Be6 ( 9. ... Nc6 10. Be3 Nd7 11. Na3 += ) 10. Ng5 Bd5 11. e4 Bc6 
12. e5! Bxg2 ( 12. ... Ng4 13. e6 f6 14. Nf7 Rd3 15. Bf1 Rd5 16. h3 Ne5 
17. Nxe5 Rxe5 18. Rxe5 fxe5 19. Be3 Na6 20. Nd2 += ) 13. exf6 exf6 14. 
Kxg2 fxg5 15. Bxg5 f6 16. Be3 D b6?! {Lepsi alternativa je } ( 16. ... Nd7
17. Na3 Ne5! {Ve srovnani s varianto v partii, cerny ziska tempo, jelikoz 
nyni } 18. Red1 ( 18. Bxc5 Nd3 {neni mozne} ) 18. ... b6 19. h3 ( 19. f4 
Ng4 20. Bg1 f5 { 21. ... Nf6  22. ... Ne4 }) 19. ... Rd3 20. Kf1 = ) 17. 
Na3 Nc6 18. Nc4 Bf8?! {Zde mel cerny hrat dynamicke } ( 18. ... b5 19. Na3
b4 {a ziskat jistou protihru. Vede k vyrovnani. } 20. Nc4 ( 20. cxb4 Nxb4 
21. Red1 f5 22. Nc4 = ) 20. ... bxc3 21. bxc3 f5 22. Rac1 Rd5 = ) 19. a4! 
{Typicky tah., bily zajistuje pozici Nc4. Soucasne mozne budouci a5 hrozi 
aby rozbilo damske kridlo. } 19. ... Ne7?! {Lepsi je Kf7. Jak muze bily 
potrestat toto zanedbani? } 20. Bh6! {Cerny asi prehledl tuto neprijemnou 
likvidaci. S ni bily zajisti pruni veze pres pole e6, ze ktereho 
kontroluje 6 radu, fixuje slabinu na f6 a dlouhodobe pripravuje prulom na 
damskem kridle a4-a5.  } 20. ... Nf5 ( 20. ... Kf7 21. Bxf8 Kxf8 ( 21. ...
 Rxf8 22. Nd6+ +- ) 22. Re6 +/- ) 21. Bxf8 Kxf8 22. Re6 Kf7 23. Rc6! {Vez 
utoci na prvni slabinu, pesce f6. Bily nyni hrozi 24.Rc7 a Re1-e6 } 
23. ... Rd7 ( 23. ... Rac8? 24. Rxc8 Rxc8 25. g4 +- ) 24. Re1 Ne7 ( 
24. ... Re7 25. Rxe7+ Nxe7 26. Rc7 Ke6 27. Kf3 h5 28. h3 Nf5 29. g4 hxg4+ 
30. hxg4 Nd6 31. Nxd6 Kxd6 32. Rg7 g5 33. Ke4 Ke6 34. Rb7 +/- ) 25. Rce6 
Nd5 26. a5! +/- {Tento dlouho ocekavany postup pesce vytvari druhou 
slabinu na b6. Diky kombinovanemu utkou, bily ziska material. } 26. ... 
Rb8 ( 26. ... bxa5 27. Nxa5 Rb8 28. Nc4 {neni dobra obrana. Damske kridlo 
cerneho je v troskach} ) 27. axb6 axb6 28. Nd6+ Kf8 29. c4 Nc7 ( 29. ... 
Nb4 30. Rxf6+ Kg7 31. Rfe6 +/- ) 30. Rxf6+ Kg7 31. Ne4 Re7 32. Rf3 b5 {
Cerny se pokousi vyresit pozici pescu damskeho kridla aby ziskal na 
kralovskem kridle strukturu 3 proti 2. } 33. b3 bxc4 34. bxc4 Rb4 35. Rc3 
Ne8 {Hrozba je 36...Nd6. } 36. Ree3 {Bily rusi vazbu. Pri vymenach, musi 
byt opatrny aby nedovolil vymenit pesce c. Jestli by se to stalo, vsechny 
zbyle pesci by byli na stejnem kridle, coz zvysuje remizovou povahu 
pozice. } 36. ... Rc7 ( 36. ... Re6 37. Kf3 ( 37. Nxc5?! Rxe3 38. fxe3 Nd6
{a bily ma velke problemy promenit vyhodu. } ) 37. ... Nd6 38. Nxd6 Rf6+ 
39. Kg2 Rxd6 40. Re7+ +- ) 37. Ng5! +- Rc8 38. h4! {Jelikoz bily hrozi 
39.Re7+ s matovym utokem a prulomem na 7 radu, cerny musi oslabit pesce 
g6. Bily toto zmeni na vyhodu manevrem Ne6 a Nf4. } 38. ... h6 39. Ne6+ 
Kf6 40. Nf4 Kf7 41. Rf3 Rb7 D {Jakym tahem cerny se dostae do situace ze 
ktere neni cesta ven? } 42. Rce3! Nd6 ( 42. ... Nf6 43. Nd5 Rc6 44. Re5 
+-- ) ( 42. ... Ra7 43. Nh5+ Kg8 44. Rxe8+ Rxe8 45. Nf6+ Kf7 46. Nxe8+ 
Kxe8 47. Rf6 +- ) ( 42. ... Kg7 43. Re6 +- ) 43. Nxg6+ ( 43. Nxg6+ Kxg6 ( 
43. ... Kg7 44. Re6 Nxc4 45. Ne7 Rcb8 ( 45. ... Re8 46. Nf5+ Kf7 47. Rxe8 
Kxe8 48. Rc3 Rb4 49. Rxc4 +- ) 46. Rg6+ Kh8 47. Rf7 ) 44. Re6+ Kg7 45. 
Rxd6 ) 1-0